| 000 | 00375 a2200169 4500 | ||
|---|---|---|---|
| 001 | 62206 | ||
| 020 | _a9788526001688 | ||
| 040 | _cAnchieta - Pituba | ||
| 100 | _aColasanti, Marina | ||
| 240 | 1 | 0 |
_aDo seu coração partido _lpor |
| 245 | 1 | 0 | _aDo seu coração partido |
| 300 | _a86 | ||
| 362 | 0 | _a2009 | |
| 440 | 1 | _aGlobal | |
| 650 | 4 | _aLiteratura juvenil | |
| 942 | _cBK | ||
| 999 |
_c62206 _d62206 |
||